| 000 | 01031cam a2200289 a 4500 | ||
|---|---|---|---|
| 001 | 000004564 | ||
| 005 | 20200929151448.0 | ||
| 008 | 031125s1993 sp 000 f spa | ||
| 020 | _a8401496527 | ||
| 040 |
_aDO-SdBNP _cDLC _dDLC |
||
| 041 | 1 | 7 |
_aspa _heng _2Código de idioma MARC |
| 082 |
_a813.54 _bA832f, 1993. |
||
| 100 | 1 |
_aAsimov, Isaac, _d1920-1992. _913328 |
|
| 240 | 1 | 0 |
_aFoundation and empire. _lEspañol |
| 245 | 1 | 0 |
_aFundación e imperio / _cIsaac Asimov ; traducción, Pilar Giralt. |
| 250 | _a6a ed. | ||
| 260 |
_aBarcelona : _bPlaza & Janés, _c1993. |
||
| 300 |
_a253, [1] p. ; _c18 cm. |
||
| 490 | 1 |
_aLos Jet de Plaza & Janés _vvol. 136 |
|
| 490 | 1 |
_aBiblioteca de Isaac Asimov _vno. 2 |
|
| 534 |
_aTítulo original: _tFoundation and empire. |
||
| 650 | 4 |
_aNovela estadounidense _9262 |
|
| 650 | 4 |
_aLiteratura estadounidense _9263 |
|
| 700 | 1 |
_aGiralt, Pilar, _etr. _913329 |
|
| 830 | 0 |
_aLos Jet de Plaza & Janés ; _vvol. 136/2. _pBiblioteca de Isaac Asimov ; _913330 |
|
| 910 | _aCatalogación por copia / LC | ||
| 999 |
_c4372 _d4372 |
||